[Event "Titled Tuesday intern op 17th May Early"]
[Site "Chess.com INT"]
[Date "2022.05.17"]
[Round "8"]
[White "Kozlov, Oleg"]
[Black "Coto Mederos, Michel"]
[Result "1-0"]
[WhiteElo "2294"]
[BlackElo "2353"]
[PlyCount "59"]
[EventDate "2022.05.17"]
[EventType "swiss (blitz)"]
[EventRounds "11"]
[EventCountry "USA"]
[SourceTitle "CBM 208 Extra"]
[Source "ChessBase"]
[SourceDate "2022.07.31"]
[SourceVersion "1"]
[SourceVersionDate "2022.07.31"]
[SourceQuality "1"]

1. d4 d5 2. c4 e6 3. Nf3 Nf6 4. g3 Bb4+ 5. Nbd2 0-0 6. Bg2 c6 7. 0-0 Nbd7 8. Qc2 b6 9. e4 dxe4 10. Nxe4 Bb7 11. Rd1 Qc8 12. a3 Be7 13. Bf4 Nxe4 14. Qxe4 c5 15. d5 Nf6 16. Qe2 Re8 17. Bh3 Bf8 18. dxe6 fxe6 19. Ng5 g6 20. Bxe6+ Rxe6 21. Qxe6+ Qxe6 22. Nxe6 Be7 23. Bd6 Kf7 24. Ng5+ Kf8 25. Bxe7+ Kxe7 26. Re1+ Kf8 27. Rad1 h6 28. Ne6+ Kf7 29. Nd8+ Kg7 30. Nxb7 1-0

[Event "Ekaterinburg Scerbin Memorial"]
[Site "Ekaterinburg"]
[Date "2021.12.18"]
[Round "8"]
[White "Ovetchkin, Roman"]
[Black "Kozlov, Oleg"]
[Result "1/2-1/2"]
[WhiteElo "2518"]
[BlackElo "2298"]
[PlyCount "110"]
[EventDate "2021.12.18"]
[EventType "swiss (rapid)"]
[EventRounds "9"]
[EventCountry "RUS"]
[SourceTitle "CBM 205 Extra"]
[Source "ChessBase"]
[SourceDate "2022.01.31"]
[SourceVersion "1"]
[SourceVersionDate "2022.01.31"]
[SourceQuality "1"]

1. d4 Nf6 2. c4 e6 3. Nf3 b6 4. Bf4 Bb7 5. e3 Be7 6. Nc3 d6 7. h3 0-0 8. Bd3 Nbd7 9. 0-0 Re8 10. Bg3 Bf8 11. e4 e5 12. d5 Nh5 13. Bh2 g6 14. Re1 a5 15. Bc2 Nf4 16. Ba4 Re7 17. Bxd7 Qxd7 18. Bxf4 exf4 19. Qd2 Bg7 20. Qxf4 Rae8 21. Re3 Ba6 22. b3 Bxc3 23. Rxc3 Rxe4 24. Qh6 f6 25. Re3 Rxe3 26. fxe3 Qg7 27. Qxg7+ Kxg7 28. Kf2 Bc8 29. Nd4 Bd7 30. a3 f5 31. h4 f4 32. Re1 Rxe3 33. Rxe3 fxe3+ 34. Kxe3 Kf6 35. Kf4 h6 36. b4 axb4 37. axb4 g5+ 38. hxg5+ hxg5+ 39. Ke4 Kg6 40. b5 Kf6 41. g3 Bh3 42. Nc6 Bf1 43. Kd4 Bh3 44. Nb8 Ke7 45. Na6 Kd7 46. Nb4 Bf5 47. Ke3 Ke7 48. Nc6+ Kf6 49. Nb8 Ke7 50. Na6 Kd7 51. Kd2 Kd8 52. Nb4 Kd7 53. Nc6 Bh3 54. Nd4 Ke7 55. Nc6+ Kd7 1/2-1/2

[Event "Cheliabinsk Panchenko Memorial op-A"]
[Site "Cheliabinsk"]
[Date "2020.09.13"]
[Round "7"]
[White "Kozlov, Oleg"]
[Black "Gleizerov, Evgeny"]
[Result "0-1"]
[WhiteElo "2289"]
[BlackElo "2481"]
[PlyCount "86"]
[EventDate "2020.09.07"]
[EventType "swiss"]
[EventRounds "9"]
[EventCountry "RUS"]
[SourceTitle "CBM 198 Extra"]
[Source "ChessBase"]
[SourceDate "2020.11.30"]
[SourceVersion "1"]
[SourceVersionDate "2020.11.30"]
[SourceQuality "1"]

1. Nf3 d5 2. d4 c5 3. c4 cxd4 4. cxd5 Nf6 5. Qxd4 Qxd5 6. Nc3 Qxd4 7. Nxd4 a6 8. g3 e5 9. Nc2 Nc6 10. Bg2 Be6 11. 0-0 0-0-0 12. Bg5 Be7 13. Rfd1 Rxd1+ 14. Rxd1 Rd8 15. Rxd8+ Kxd8 16. Kf1 Kd7 17. Ke1 b5 18. Bxf6 Bxf6 19. Bd5 Bd8 20. f3 Ba5 21. Bxe6+ Kxe6 22. Kd1 Bxc3 23. bxc3 Kd5 24. Ne3+ Kc5 25. Kc2 b4 26. Kb3 bxc3 27. Kxc3 Nd4 28. Kd3 Kb4 29. Nc2+ Nxc2 30. Kxc2 Ka3 31. Kb1 f5 32. f4 exf4 33. gxf4 h6 34. h4 h5 35. e3 a5 36. Ka1 Kb4 37. Kb2 Kc4 38. Kc2 a4 39. Kd2 Kd5 40. Ke2 Ke4 41. a3 g6 42. Kf2 Kd3 43. Kf3 Kc3 0-1